Loading...
| Current Events | 1 | 30.00 | 100% | 100% | 100% |
| Fine Arts - Auditory Fine Arts | 3 | 20.00 | 100% | 67% | 33% |
| Fine Arts - Other Fine Arts | 6 | 11.67 | 83% | 17% | 17% |
| Fine Arts - Visual Fine Arts | 5 | 12.00 | 80% | 40% | 0% |
| History - American History | 3 | 10.00 | 100% | 0% | 0% |
| History - European History | 3 | 13.33 | 100% | 33% | 0% |
| History - Other History | 4 | 12.50 | 75% | 50% | 0% |
| History - World History | 5 | 10.00 | 100% | 0% | 0% |
| Literature - American Literature | 3 | 10.00 | 100% | 0% | 0% |
| Literature - British Literature | 5 | 16.00 | 100% | 40% | 20% |
| Literature - European Literature | 3 | 16.67 | 100% | 67% | 0% |
| Literature - World Literature | 5 | 14.00 | 100% | 40% | 0% |
| Mythology | 2 | 10.00 | 100% | 0% | 0% |
| Philosophy | 4 | 12.50 | 100% | 25% | 0% |
| Pop Culture | 1 | 10.00 | 100% | 0% | 0% |
| Popular Culture | 1 | 10.00 | 100% | 0% | 0% |
| Religion | 3 | 6.67 | 67% | 0% | 0% |
| Science - Biology | 3 | 13.33 | 100% | 33% | 0% |
| Science - Chemistry | 6 | 10.00 | 100% | 0% | 0% |
| Science - Other Science | 5 | 14.00 | 100% | 40% | 0% |
| Science - Physics | 3 | 10.00 | 100% | 0% | 0% |
| Social Science | 3 | 16.67 | 67% | 67% | 33% |